|
|
|
|
| LEADER |
00000nam a2200000 a 4500 |
| 001 |
vtls011702022 |
| 003 |
SK-MaSNL |
| 005 |
20260301221848.0 |
| 007 |
co cg auuua |
| 008 |
180116s2017 xo | fs 000 0 slo |
| 015 |
|
|
|a SNBS2017
|
| 020 |
|
|
|a 9788081870231
|q (elektronická kniha)
|
| 040 |
|
|
|a SNK
|b slo
|c SNK
|e AACR2
|
| 041 |
0 |
|
|a slo
|
| 044 |
|
|
|a xo
|c SK
|
| 072 |
|
7 |
|a 616
|x Patológia. Klinická medicína
|2 konspekt
|
| 072 |
|
7 |
|a 615
|x Farmácia. Farmakológia
|2 konspekt
|
| 080 |
|
|
|a 616-08:615.2/.3
|2 2011
|
| 080 |
|
|
|a 615
|2 2011
|
| 080 |
|
|
|a (082)
|2 2011
|
| 080 |
|
|
|a (0.034.44)
|2 2011
|
| 245 |
0 |
0 |
|a Nové trendy vo farmakoterapii VIII.
|h elektronický zdroj
|b zborník prác
|c zostavovatelia: Soňa Fraňová, Juraj Mokrý
|
| 260 |
|
|
|a Martin
|b Jesseniova lekárska fakulta UK v Martine
|c 2017
|
| 300 |
|
|
|a 1 elektronický optický disk (DVD-ROM)
|b fareb.
|c 12 cm
|
| 500 |
|
|
|a Názov z titulnej obrazovky
|
| 504 |
|
|
|a Bibliogr. odkazy
|
| 516 |
|
|
|a Textový dokument (zborník), súbor vo formáte pdf
|
| 538 |
|
|
|a Technické požiadavky: PDF prehliadač
|
| 650 |
0 |
7 |
|a farmakoterapia
|2 SNKPH
|9 14158
|
| 650 |
0 |
7 |
|a farmakológia
|2 SNKPH
|9 2468
|
| 650 |
0 |
7 |
|a Pharmacotherapy
|2 SNKPHeng
|9 275426
|
| 650 |
0 |
7 |
|a Pharmacology
|2 SNKPHeng
|9 267834
|
| 655 |
|
7 |
|a elektronické zdroje
|2 SNKPH
|9 90954
|
| 655 |
|
7 |
|a DVD-ROM
|2 SNKPH
|9 113904
|
| 655 |
|
7 |
|a zborníky
|2 SNKPH
|9 70165
|
| 655 |
|
7 |
|a Electronic resources
|2 SNKPHeng
|9 175546
|
| 655 |
|
7 |
|a Papers of several authors
|2 SNKPHeng
|9 153738
|
| 700 |
1 |
|
|a Fraňová, Soňa,
|d 1965-
|4 com
|9 196624
|
| 700 |
1 |
|
|a Mokrý, Juraj,
|d 1975-
|4 com
|9 196628
|
| 710 |
2 |
|
|a Univerzita Komenského v Bratislave.
|b Jesseniova lekárska fakulta v Martine
|4 pbl
|9 122679
|
| 856 |
4 |
1 |
|u http://www.jfmed.uniba.sk
|
| 919 |
|
|
|a 978-80-8187-023-1
|
| 958 |
|
|
|a NB
|
| 958 |
|
|
|a MI
|
| 999 |
|
|
|c 937726
|d 939656
|
| 952 |
|
|
|a SNK
|b SNK
|y PREZ
|7 0
|p 17A1261665
|o snkSCDM 9469
|i snk2017/16148
|8 0
|0 0
|1 0
|4 0
|d 2017-07-12
|l 0
|r 2026-02-24 09:08:47
|w 2026-02-24
|
| 952 |
|
|
|t snkNOV 615
|a SNKMST
|b SNKMST
|y PREZ
|7 0
|p 17A1261666
|o snkSCDM 9469 D1
|i snk2017/16149
|8 0
|0 0
|1 0
|4 0
|d 2017-07-12
|l 0
|r 2025-08-12 00:00:00
|w 2026-02-24
|